00904nam a2200229 a 450000100060000000300080000600500170001400800410003103500200007204000320009204100080012408200300013224501080016226000410027030000240031150001390033550400410047465000290051565000480054470000230059271000590061550284BD-RjUL20211209075503.0160824s1968 ii b 001 0 eng d a(BD-RjUL) 50404 aDLCcDLCdEQOdBD-RjULbeng aeng a378.1910954223bTUR 196800aTurmoil and transition :bhigher education and student politics in India /cEdited by Philip G. Altbach aBombay :bLalvani Pub. House,cc1968 aix, 278 p. ;c23 cm aContinuing study conducted by the Comparative Student Project, sponsored by the Center for International Affairs at Harvard University aBibliography: p. 269-271 and index.  0aStudent movementszIndia 0aCollege studentsxPolitical activityzIndia aAltbach, Philip G.2 aHarvard University.bCenter for International Affairs.